01328cam a2200301Ia 4500001002300000003000700023005001700030007000700047008004100054040003300095035001900128043001200147050001500159082001200174100002200186245011800208260005000326300003400376500001700410650003000427650004200457856009600499856010100595942000700696506015000703506015400853999001901007somewhereoutther00egerCaSfIA20210119083251.0cr||||760312s1974 azuab 000 0 eng d aIRUcIRUdOCLCQdWIHdCaSfIA a(OCoLC)2046718 an-us-az 4aF811b.E44 4a910.4531 aEgerton, Kearney.10aSomewhere out there-- :h[electronic resource] bArizona's lost mines & vanished treasures /cby Kearney Egerton. aGlendale, Ariz. :bPrickly Pear Press,c1974. a64 p. :bill., maps ;c28 cm. aCover title. 0aTreasure troveszArizona. 0aMines and mineral resourceszArizona.41uhttp://www.archive.org/details/somewhereoutther00egerzFree eBook from the Internet Archive42uhttp://www.openlibrary.org/books/OL24220108MzAdditional information and access via Open Library cEB fНеобхідна авторизація на https://archive.org/ (створення облікового запису безкоштовно) fНеобхідна авторизація на https://openlibrary.org/ (створення облікового запису безкоштовно) c550519d550519